LEADER 00943nam0-2200301---450- 001 990009515620403321 005 20120123125429.0 035 $a000951562 035 $aFED01000951562 035 $a(Aleph)000951562FED01 035 $a000951562 100 $a20120123d1963----km-y0itay50------ba 101 0 $aita 102 $aIT 200 1 $a<>elettrocardiogramma del ratto$estudio in condizioni normali, in corso di carenze vitaminiche e sotto stimoli farmacologici$econ 109 illustrazioni originali 210 $aNapoli$cV. Idelson$d1963 215 $a159 p.$cill.$d27 cm 610 0 $aRATTI$aELETTROCARDIOGRAFIA 676 $a591.1$v16$zita 700 1$aValora,$bNicolo$0515020 701 1$aFidanza,$bAlberto$0359086 801 0$aIT$bUNINA$gRICA$2UNIMARC 901 $aBK 912 $a990009515620403321 952 $aB II 14/b$b1193$fDMVCM 959 $aDMVCM 996 $aElettrocardiogramma del ratto$9856635 997 $aUNINA LEADER 00822nam a2200253 i 4500 001 991002327279707536 005 20020508194328.0 008 010704s1969 it ||| | ita 035 $ab10992649-39ule_inst 035 $aPARLA160532$9ExL 040 $aDip.to Filosofia$bita 082 0 $a853.91 100 1 $aPullini, Giorgio$0154302 245 10$aComisso /$cdi Giorgio Pullini 260 $aFirenze :$bLa nuova Italia,$c1969 300 $a166 p. ;$c17 cm. 440 3$aIl castoro ;$v28 600 14$aComisso, Giovanni 907 $a.b10992649$b21-09-06$c28-06-02 912 $a991002327279707536 945 $aLE005IF VI F 44$g1$iLE005IFA-3699$lle005$o-$pE0.00$q-$rl$s- $t0$u0$v0$w0$x0$y.i11107418$z28-06-02 996 $aComisso$9142241 997 $aUNISALENTO 998 $ale005$b01-01-01$cm$da $e-$fita$git $h0$i1